| 000 | 00665nam a22002057a 4500 | ||
|---|---|---|---|
| 999 |
_c20596 _d20596 |
||
| 003 | AR-CdUCM | ||
| 008 | 190531b ||||| |||| 00| 0 spa d | ||
| 040 |
_aMUNICIPALIDAD PROVINCIAL DEL CUSCO _cBIBLIOTECA MUNICIPAL DEL CUSCO |
||
| 082 |
_a539.74 / _bM33 |
||
| 100 |
_aMckown, Robin _943052 |
||
| 245 | _aIsótopos fabulosos / | ||
| 260 |
_aMéxico : _bLimusa, _c1965. |
||
| 300 |
_a214 páginas ; _c18 cm. |
||
| 505 | _aContenido : Naturaleza de los Isótopos -- Productores de isótopos -- Isótopos en acción... | ||
| 650 |
_aEnergía atómica _940566 |
||
| 650 |
_aMisterio _912034 |
||
| 650 |
_aExploración _93569 |
||
| 942 |
_2ddc _cLIBROS |
||
| 945 | _arcc | ||